[Event "ESP-chT CECLUB Div2"]
[Site "Linares"]
[Date "2020.08.26"]
[Round "4.4"]
[White "Crespo Ruiz, Manuel Maria"]
[Black "Miguel Carrera, Carlota"]
[Result "1-0"]
[WhiteElo "2045"]
[BlackElo "1316"]
[PlyCount "57"]
[EventDate "2020.08.24"]
[EventType "team-tourn"]
[EventRounds "6"]
[EventCountry "ESP"]
[SourceTitle "CBM 198 Extra"]
[Source "ChessBase"]
[SourceDate "2020.11.30"]
[SourceVersion "1"]
[SourceVersionDate "2020.11.30"]
[SourceQuality "1"]
[WhiteTeam "Nazari"]
[BlackTeam "Albatros"]
[WhiteTeamCountry "ESP"]
[BlackTeamCountry "ESP"]

1. d4 d5 2. Nf3 Nf6 3. c3 e6 4. Bg5 Be7 5. e3 c5 6. Nbd2 0-0 7. Bd3 b6 8. Ne5 Ba6 9. Bxa6 Nxa6 10. 0-0 Nb8 11. f4 Nbd7 12. Nc6 Qe8 13. Rf3 h6 14. Bh4 Bd6 15. Rh3 Qc8 16. Ne5 Nh7 17. g4 g5 18. Bg3 Kg7 19. Qe2 Ndf6 20. Rf1 Ne4 21. Nxe4 dxe4 22. f5 Nf6 23. Nc4 Be7 24. Be5 Qc6 25. Nd2 Rae8 26. Qg2 Kh7 27. Bxf6 Bxf6 28. Nxe4 e5 29. Nxg5+ 1-0